000 01622nam0a2200361 4500
001 RU\NLR\bibl\738427
005 20260531081112.0
010 _a5-98227-017-2
_93000
021 _aRU
_b2004-76697
_93781
035 _a(NLR Aleph) 000728332
090 _a746612
_c746612
100 _a20050322d2004 |||y0rusy50 ca
101 0 _arus
102 _aRU
105 _aa |||||||||
135 _acrmn mmmancda
200 1 _aВек ДНК
_fМ.Д. Франк-Каменецкий
210 _aМосква
_cУниверситет
_d2004
215 _a239 с.
_cил.
_d20
300 _aНа 4-й с. обл. авт.: М.Д. Франк-Каменецкий, д.ф.-м.н., проф. Бостонского ун-та
325 _aКопия доступна в Электрон. б-ке РНБ
606 1 _aДезоксирибонуклеиновые кислоты
_xГенетические исследования
_9943999
_3RU\NLR\AUTH\66349761
686 1 _aЕ041.10
700 1 _4070
_8rus
_7ca
_aФранк-Каменецкий
_bМ. Д.
_gМаксим Давидович
_3RU\NLR\auth\7716728
_9126362
801 0 _aRU
_bNLR
_c20050322
_gPSBO
801 1 _aRU
_bNLR
_c20050322
942 _cBOOK
980 _aNB
981 1 3 _a(13) Документы, защищенные авторским правом
_b(13) Современная научная, научно-популярная и популярная л